00738nas a2200217Ia 4500001001100000003000900011008004100020040001300061040001300074041001300087100004100100210001700141222001700158245011400175250001100289260004600300501008600346300001900432362003300451650003600484R020/C6451IT-RoPAU151124c99999999xx |||||||||||| ||und|| aIT-RoPAU cIT-RoPAU aITALIANO aOlsson JangCodice Aut. SPICS: 43047 aGRIFFITHIANA aGriffithiana aGRIFFITHIANA, ANNO 17-N.50 (MAGGIO 1994)bClassico O Pre-Classico? Ingeborg Holm E Il Cinema Svedese Nel 1913 a1a ed. aGEMONA (UDINE)bCINETECA DEL FRIULIc1994 bPaulus - SPICS - Società San Paolo EM (non-commercial uses only)cCopyright2015 a6 p. [112-122] aANNO 017, N.50 (MAGGIO 1994) aCINEMAvPUBBLICAZIONE PERIODICA